Landlocked Countries by Size - Statistics

General Stats
  • This quiz has been taken 118 times
  • The average score is 36 of 45
Answer Stats
Answer Size (km²) % Correct
Bolivia 1,098,581
96%
Chad 1,284,000
95%
Mongolia 1,566,500
94%
Paraguay 406,752
93%
Niger 1,267,000
92%
Kazakhstan 2,724,900
91%
Mali 1,240,192
89%
Austria 83,871
87%
Hungary 93,028
87%
Nepal 147,181
86%
South Sudan 619,745
86%
Tajikistan 143,100
86%
Afghanistan 652,230
85%
Slovakia 49,035
85%
Czech Republic 78,867
84%
Uganda 241,038
84%
Uzbekistan 449,100
84%
Luxemburg 2,586
83%
San Marino 61
83%
Serbia 88,361
83%
Switzerland 41,284
83%
Zimbabwe 390,757
83%
Andorra 468
82%
Botswana 582,000
82%
Central African Republic 622,984
82%
Liechtenstein 160
82%
Turkmenistan 488,100
82%
Vatican City 0.44
82%
Zambia 752,612
82%
Bhutan 38,394
81%
Laos 236,800
80%
Rwanda 26,338
79%
Burkina Faso 274,222
78%
Kyrgyzstan 199,951
77%
Burundi 27,834
76%
Lesotho 30,355
76%
Belarus 207,600
74%
Kosovo 10,908
73%
Malawi 118,484
71%
Macedonia 25,713
67%
Ethiopia 1,104,300
66%
Moldova 33,846
65%
Swaziland 17,364
65%
Armenia 29,743
64%
Azerbaijan 86,600
60%
No matching quizzes found
Score Distribution
Percent of People with Each Score
Percentile by Number Answered
Your Score History
You have not taken this quiz